000 00705nam a2200229Ia 4500
001 17923
003 GE_BSU
008 181216s||||||||xx |||||||||||||| ||und||
040 _cGE_BSU
080 _a821.353.1-311.3
100 _aკილაძე, რევაზ
245 _aჯონი
245 _bსათავგადასავლო რომანი
245 _cრედ.ტ.ხინთიბიძე. მხატვ. რ.ლომაძე
260 _aბათუმი
260 _bთამარიანი
260 _c1995
300 _a70გვ. ; 20სმ.
653 _aსათავგად. რომანი
653 _aჯონი
942 _cBK
999 _c50966
_d50966